Statistiques concernant Abréviation de trains...

Cliquez ici pour prendre le quiz!

Statistiques générales

  • Ce quiz a été pris 72 fois
  • Le résultat moyen est 3 sur 6

Statistiques - réponses

AbréviationRéponse% Correct
TGVTrain à Grande Vitesse
99%
SNCFSociété Nationale des Chemins de fer Français
53%
RERRéseau Express Régional
44%
RATPRégie Autonome des Transports Parisiens
43%
TERTransport Express Régional
28%
TRAMTramway
21%

Distribution des résultats

Percentile par nombre de réponses

% des personnes avec chaque résultat

Votre développement - résultats

Vous n’avez pas pris ce quiz